Systems and practices of effective library
Contents of material: Librarianship. Library organisation. Library automation. Automation systems. Planning. Multimedia resources. Online computer services. Periodicals listing.
שמור ב:
| פורמט: | ספר |
|---|---|
| שפה: | Undetermined |
| יצא לאור: |
Darya Ganj, New Delhi
Anmol Pubications
2001
|
| נושאים: | |
| תגים: |
הוספת תג
אין תגיות, היה/י הראשונ/ה לתייג את הרשומה!
|
| Thư viện lưu trữ: | Trung tâm Học liệu Trường Đại học Cần Thơ |
|---|
| LEADER | 00766nam a2200205Ia 4500 | ||
|---|---|---|---|
| 001 | CTU_124739 | ||
| 008 | 210402s9999 xx 000 0 und d | ||
| 020 | |c 53.00 | ||
| 082 | |a 025.1 | ||
| 082 | |b S995 | ||
| 245 | 0 | |a Systems and practices of effective library | |
| 245 | 0 | |c Edited by Shyama Balakrisnan, P. K. Paliwal | |
| 260 | |a Darya Ganj, New Delhi | ||
| 260 | |b Anmol Pubications | ||
| 260 | |c 2001 | ||
| 520 | |a Contents of material: Librarianship. Library organisation. Library automation. Automation systems. Planning. Multimedia resources. Online computer services. Periodicals listing. | ||
| 650 | |a Library administration.,Information services | ||
| 650 | |x Management. | ||
| 904 | |i Minh | ||
| 980 | |a Trung tâm Học liệu Trường Đại học Cần Thơ | ||